01061nas a2200241Ia 4500001001100000003000900011008004100020040001300061040001300074041001300087100003800100210004200138222004200180245010700222250001100329260003300340501008600373300001100459310001600470362001600486500026000502650005700762R128/45193IT-RoPAU151124c99999999xx |||||||||||| ||und|| aIT-RoPAU cIT-RoPAU aITALIANO aAA.VV. gCodice Aut. SPICS: 12000 aQUADERNI DI COMUNICAZIONE AUDIOVISIVA aQuaderni Di Comunicazione Audiovisiva aQUADERNI DI COMUNICAZIONE AUDIOVISIVA, N.08 (1986)bQuaderni di Comunicazione Audiovisiva, N.08 (1986) a1a ed. aFERRARAbTE.COM S.R.L.c1986 bPaulus - SPICS - Società San Paolo EM (non-commercial uses only)cCopyright2015 a160 p. aTRIMESTRALE aN.08 (1986) aStudi Proposte Esperienze Aggiornamento Rassegne e Rubriche Nell'Ambito della Comunicazione Audiovisiva. Mediateche e Catalogazione del Software. Videobrut un Atelier Video al Centro Pompidou. Mediateca Regionale del Veneto.Videocolto al Centro Polivalent aCOMUNICAZIONE - AUDIOVISIVOvPUBBLICAZIONE PERIODICA